Tous les cols du massif Jura au Tour de France - Statistiques

Statistiques générales
  • Ce quiz a été pris 9 fois
  • Le résultat moyen est 5 sur 37
Statistiques - réponses
Département / Altitude Nb d'ascension / Catégorie Col % Correct
Ain / 1498m 5 / HC Col du Grand Colombier
100%
Ain / 1323m 41 / 2eme Col de la Faucille
89%
Savoie / 1496m 2 / HC Mont du Chat
44%
Ain / 1310m 2 / 1ere Col de la Biche
33%
Jura / 1202m 1 /1ere Col de la combe de lasia Les molunes
22%
Suisse / 789m 1 /1ere Col de la Croix
22%
Jura / 1048m 3 /2eme Col de la Croix de Serra
22%
Ain / 780m 4 / 1ere Col du Berthiand
22%
Ain / 1174m 1 /1ere Montée de la selle de Fromentel
22%
Jura / 1026m 1 / 3eme Col de la Joux
11%
Jura / 1145m 1 / 2eme Col de Lamoura
11%
Jura / 984m 8 / 3eme Col de la Savine
11%
Savoie / 987m 3 / 2eme Col de l'épine
11%
Ain / 1020m 1 / 2eme Col de Portes
11%
Ain / 1036m 1 / 3eme Col de Richemond
11%
Jura / 1100m 13 / 2eme Côte des Rousses
11%
Jura / 748m 1 / 2eme Côte de Viry
11%
Suisse / 540m 5 / 3eme Côte de Wegenstetten
11%
Jura 1 Col de la Lemme
0%
Ain / 1110m 1 / 3eme Col de la Rochette
0%
Suisse / 1283m 2 / 2eme Col de la vue des Alpes
0%
Suisse / 1146m 1 / 4eme Col de Pétra Félix
0%
Ain / 968m 1 / 3eme Col de Pisseloup
0%
Suisse / 1152m 1 / 3eme Col des Etroits
0%
Suisse / 1180m 1 / 3eme Col du Mollendruz
0%
Ain / 788m 1 / 2eme Col du Sappel
0%
Ain / 1010m 2 /2eme Côte d'Echallon
0%
Ain / 762m 2 / 2eme Côte de Corlier
0%
Suisse / 834m 1 / 2eme Côte de la Caquerelle
0%
Doubs / 784m 2 / 2eme Côte de maison rouge
0%
Ain / 825m 1 / 2eme Côte de Neyrolles
0%
Suisse / 979m 1 / 2eme Côte de Saignelégier
0%
Suisse / 928m 1 / 2eme Côte de Saulcy
0%
Ain / 1305m 1 / 2eme Côte de Vattay
0%
Jura / 710m 1 / 2eme Côte du barrage de vouglans
0%
Doubs / 810m 1 / 2eme Côte du Désert
0%
Doubs / 1210m 1 / 2eme Côte du Larmont-Pontarlier
0%
Aucun quiz correspondant
Distribution des résultats
% des personnes avec chaque résultat
Percentile par nombre de réponses
Votre historique - résultats
Vous n’avez pas pris ce quiz